[Event "DVM U16 2023"]
[Site "Magdeburg GER"]
[Date "2023.12.28"]
[Round "4"]
[White "Ammann, Samuel"]
[Black "Kauth, Lukas"]
[Result "0-1"]
[Termination "normal"]
[Board "10.2"]
[WhiteElo "1502"]
[BlackElo "1696"]
[WhiteClock "00:21:57"]
[BlackClock "00:29:22"]
[WhiteTeam "SC Bavaria Regensburg 1881"]
[BlackTeam "SK Bebenhausen 1992"]
[PlyCount "96"]
[WhiteFideId "34650750"]
[BlackFideId "16272994"]
[EventCountry "GER"]
[EventRounds "7"]
[EventType "team-swiss"]
[EventDate "2023.12.26"]

1. d4 {[%clk 01:30:58]} {[%emt 00:00:03]} Nf6 {[%clk 01:30:39]} {[%emt
00:00:20]} 2. c4 {[%clk 01:31:24]} {[%emt 00:00:04]} e6 {[%clk 01:30:49]}
{[%emt 00:00:19]} 3. Nf3 {[%clk 01:31:49]} {[%emt 00:00:05]} Bb4+ {[%clk
01:30:52]} {[%emt 00:00:26]} 4. Bd2 {[%clk 01:32:08]} {[%emt 00:00:11]} Qe7
{[%clk 01:30:47]} {[%emt 00:00:36]} 5. e3 {[%clk 01:30:13]} {[%emt 00:02:26]}
b6 {[%clk 01:28:54]} {[%emt 00:02:22]} 6. Bd3 {[%clk 01:28:56]} {[%emt
00:01:47]} Bb7 {[%clk 01:27:49]} {[%emt 00:01:34]} 7. O-O {[%clk 01:27:53]}
{[%emt 00:01:35]} O-O {[%clk 01:26:04]} {[%emt 00:02:15]} 8. Nc3 {[%clk
01:26:51]} {[%emt 00:01:31]} d5 {[%clk 01:21:54]} {[%emt 00:04:40]} 9. cxd5
{[%clk 01:21:47]} {[%emt 00:05:35]} exd5 {[%clk 01:21:23]} {[%emt 00:01:00]}
10. a3 {[%clk 01:20:49]} {[%emt 00:01:30]} Bd6 {[%clk 01:13:58]} {[%emt
00:07:54]} 11. Nb5 {[%clk 01:18:53]} {[%emt 00:02:27]} Ba6 {[%clk 01:09:30]}
{[%emt 00:04:55]} 12. Qc2 {[%clk 01:09:13]} {[%emt 00:10:13]} Bxb5 {[%clk
01:06:24]} {[%emt 00:03:36]} 13. Bxb5 {[%clk 01:09:27]} {[%emt 00:00:16]} Ne4
{[%clk 01:05:01]} {[%emt 00:01:50]} 14. Rfc1 {[%clk 01:04:21]} {[%emt
00:05:39]} a5 {[%clk 00:59:21]} {[%emt 00:06:08]} 15. Rab1 {[%clk 00:50:41]}
{[%emt 00:14:12]} Ra7 {[%clk 00:49:43]} {[%emt 00:10:07]} 16. Bc3 {[%clk
00:44:13]} {[%emt 00:06:58]} Nd7 {[%clk 00:38:41]} {[%emt 00:11:32]} 17. Bc6
{[%clk 00:33:15]} {[%emt 00:11:28]} Ndf6 {[%clk 00:31:44]} {[%emt 00:07:27]}
18. Ne5 {[%clk 00:31:21]} {[%emt 00:02:25]} Nxc3 {[%clk 00:14:14]} {[%emt
00:18:00]} 19. Qxc3 {[%clk 00:31:34]} {[%emt 00:00:16]} Rd8 {[%clk 00:14:13]}
{[%emt 00:00:30]} 20. f4 {[%clk 00:29:40]} {[%emt 00:02:26]} Ne4 {[%clk
00:11:19]} {[%emt 00:03:22]} 21. Qd3 {[%clk 00:26:27]} {[%emt 00:03:43]} Bxe5
{[%clk 00:10:52]} {[%emt 00:00:58]} 22. dxe5 {[%clk 00:24:24]} {[%emt
00:02:33]} Qe6 {[%clk 00:10:41]} {[%emt 00:00:40]} 23. b4 {[%clk 00:17:09]}
{[%emt 00:07:47]} axb4 {[%clk 00:08:17]} {[%emt 00:02:54]} 24. axb4 {[%clk
00:17:18]} {[%emt 00:00:20]} Ra2 {[%clk 00:08:16]} {[%emt 00:00:28]} 25. b5
{[%clk 00:15:35]} {[%emt 00:02:17]} Rxg2+ {[%clk 00:02:18]} {[%emt 00:06:27]}
26. Kxg2 {[%clk 00:07:34]} {[%emt 00:08:31]} Qg4+ {[%clk 00:02:45]} {[%emt
00:00:04]} 27. Kf1 {[%clk 00:06:39]} {[%emt 00:01:24]} Qf3+ {[%clk 00:02:21]}
{[%emt 00:00:54]} 28. Kg1 {[%clk 00:04:52]} {[%emt 00:02:18]} Nf2 {[%clk
00:01:39]} {[%emt 00:01:11]} 29. Qf1 {[%clk 00:03:36]} {[%emt 00:01:46]} Nh3+
{[%clk 00:02:03]} {[%emt 00:00:07]} 30. Qxh3 {[%clk 00:03:42]} {[%emt
00:00:23]} Qxh3 {[%clk 00:02:32]} 31. Rb3 {[%clk 00:02:04]} {[%emt 00:02:08]}
d4 {[%clk 00:02:29]} {[%emt 00:00:34]} 32. Rd3 {[%clk 00:02:00]} {[%emt
00:00:34]} Qg4+ {[%clk 00:01:22]} {[%emt 00:01:37]} 33. Bg2 {[%clk 00:01:50]}
{[%emt 00:00:39]} Qe2 {[%clk 00:01:17]} {[%emt 00:00:35]} 34. Rcd1 {[%clk
00:01:55]} {[%emt 00:00:25]} g6 {[%clk 00:01:21]} {[%emt 00:00:26]} 35. exd4
{[%clk 00:01:22]} {[%emt 00:01:02]} h5 {[%clk 00:01:26]} {[%emt 00:00:26]} 36.
d5 {[%clk 00:00:37]} {[%emt 00:01:15]} Qc2 {[%clk 00:01:20]} {[%emt 00:00:36]}
37. d6 {[%clk 00:00:35]} {[%emt 00:00:33]} Qc5+ {[%clk 00:01:32]} {[%emt
00:00:18]} 38. Kh1 {[%clk 00:00:35]} {[%emt 00:00:29]} cxd6 {[%clk 00:01:53]}
{[%emt 00:00:10]} 39. Rxd6 {[%clk 00:00:45]} {[%emt 00:00:20]} Rc8 {[%clk
00:01:11]} {[%emt 00:01:10]} 40. Bc6 {[%clk 00:00:34]} {[%emt 00:00:42]} Qf2
{[%clk 00:01:03]} {[%emt 00:00:34]} 41. R6d4 {[%clk 00:29:57]} {[%emt
00:01:11]} h4 {[%clk 00:29:33]} {[%emt 00:02:00]} 42. h3 {[%clk 00:29:26]}
{[%emt 00:01:01]} Kg7 {[%clk 00:29:08]} {[%emt 00:00:55]} 43. R1d2 {[%clk
00:28:11]} {[%emt 00:01:45]} Qe1+ {[%clk 00:28:59]} {[%emt 00:00:35]} 44. Kg2
{[%clk 00:27:07]} {[%emt 00:01:38]} Qg3+ {[%clk 00:29:19]} {[%emt 00:00:09]}
45. Kh1 {[%clk 00:25:40]} {[%emt 00:01:58]} Qxh3+ {[%clk 00:29:32]} {[%emt
00:00:17]} 46. Kg1 {[%clk 00:25:48]} {[%emt 00:00:22]} Qg3+ {[%clk 00:29:41]}
{[%emt 00:00:19]} 47. Kh1 {[%clk 00:24:38]} {[%emt 00:01:42]} h3 {[%clk
00:29:41]} {[%emt 00:00:27]} 48. Rd1 {[%clk 00:21:57]} {[%emt 00:03:14]} Rxc6
{[%clk 00:29:22]} {[%emt 00:00:49]} 0-1

[Event "DVM U16 2023"]
[Site "Magdeburg GER"]
[Date "2023.12.28"]
[Round "4"]
[White "Andrei, Quentin"]
[Black "Bürger, Theodor"]
[Result "1/2-1/2"]
[Termination "normal"]
[Board "10.3"]
[WhiteElo "1550"]
[BlackElo "1514"]
[WhiteClock "00:08:44"]
[BlackClock "00:29:53"]
[WhiteTeam "SK Bebenhausen 1992"]
[BlackTeam "SC Bavaria Regensburg 1881"]
[PlyCount "84"]
[WhiteFideId "16255712"]
[BlackFideId "34640126"]
[EventCountry "GER"]
[EventRounds "7"]
[EventType "team-swiss"]
[EventDate "2023.12.26"]

1. e4 {[%clk 01:30:58]} {[%emt 00:00:02]} c6 {[%clk 01:30:50]} {[%emt
00:00:11]} 2. d4 {[%clk 01:31:22]} {[%emt 00:00:06]} d5 {[%clk 01:31:10]}
{[%emt 00:00:09]} 3. Nc3 {[%clk 01:31:33]} {[%emt 00:00:20]} dxe4 {[%clk
01:31:21]} {[%emt 00:00:19]} 4. Nxe4 {[%clk 01:31:38]} {[%emt 00:00:25]} Nf6
{[%clk 01:31:28]} {[%emt 00:00:22]} 5. Nxf6+ {[%clk 01:31:30]} {[%emt
00:00:38]} exf6 {[%clk 01:31:47]} {[%emt 00:00:11]} 6. c3 {[%clk 01:31:17]}
{[%emt 00:00:43]} Bd6 {[%clk 01:31:37]} {[%emt 00:00:40]} 7. Bd3 {[%clk
01:30:53]} {[%emt 00:00:54]} O-O {[%clk 01:31:22]} {[%emt 00:00:45]} 8. Qc2
{[%clk 01:30:02]} {[%emt 00:01:21]} Re8+ {[%clk 01:31:24]} {[%emt 00:00:29]} 9.
Ne2 {[%clk 01:30:05]} {[%emt 00:00:26]} h5 {[%clk 01:31:21]} {[%emt 00:00:33]}
10. Be3 {[%clk 01:29:39]} {[%emt 00:00:56]} Nd7 {[%clk 01:28:21]} {[%emt
00:03:30]} 11. O-O-O {[%clk 01:28:31]} {[%emt 00:01:38]} Nf8 {[%clk 01:28:14]}
{[%emt 00:00:38]} 12. Nf4 {[%clk 01:22:56]} {[%emt 00:06:05]} g6 {[%clk
01:25:30]} {[%emt 00:03:14]} 13. c4 {[%clk 01:20:21]} {[%emt 00:03:04]} Bxf4
{[%clk 01:20:00]} {[%emt 00:06:01]} 14. Bxf4 {[%clk 01:20:42]} {[%emt
00:00:09]} Qxd4 {[%clk 01:17:55]} {[%emt 00:02:34]} 15. Bh6 {[%clk 01:05:46]}
{[%emt 00:15:27]} Qc5 {[%clk 01:11:42]} {[%emt 00:06:40]} 16. Rhe1 {[%clk
00:40:47]} {[%emt 00:25:31]} Be6 {[%clk 01:05:18]} {[%emt 00:06:54]} 17. Qc3
{[%clk 00:28:52]} {[%emt 00:12:26]} Nh7 {[%clk 00:57:17]} {[%emt 00:08:31]} 18.
b4 {[%clk 00:21:12]} {[%emt 00:08:10]} Qb6 {[%clk 00:47:21]} {[%emt 00:10:25]}
19. Re3 {[%clk 00:15:14]} {[%emt 00:06:28]} Rad8 {[%clk 00:37:32]} {[%emt
00:10:18]} 20. Rde1 {[%clk 00:12:37]} {[%emt 00:03:08]} Qd4 {[%clk 00:34:35]}
{[%emt 00:03:27]} 21. Qc2 {[%clk 00:08:19]} {[%emt 00:04:49]} f5 {[%clk
00:31:29]} {[%emt 00:03:36]} 22. Bxf5 {[%clk 00:06:55]} {[%emt 00:01:53]} Qf6
{[%clk 00:27:58]} {[%emt 00:03:59]} 23. Bd3 {[%clk 00:05:01]} {[%emt 00:02:26]}
Nf8 {[%clk 00:25:51]} {[%emt 00:02:38]} 24. f4 {[%clk 00:04:14]} {[%emt
00:01:17]} b5 {[%clk 00:23:03]} {[%emt 00:03:17]} 25. Bg5 {[%clk 00:03:39]}
{[%emt 00:01:06]} Qa1+ {[%clk 00:22:35]} {[%emt 00:00:57]} 26. Kd2 {[%clk
00:03:22]} {[%emt 00:00:47]} Qd4 {[%clk 00:22:16]} {[%emt 00:00:49]} 27. Bxd8
{[%clk 00:03:38]} {[%emt 00:00:14]} bxc4 {[%clk 00:19:09]} {[%emt 00:03:38]}
28. Bg5 {[%clk 00:03:40]} {[%emt 00:00:28]} cxd3 {[%clk 00:18:51]} {[%emt
00:00:47]} 29. Qxd3 {[%clk 00:01:54]} {[%emt 00:02:17]} Qb2+ {[%clk 00:15:46]}
{[%emt 00:03:34]} 30. Qc2 {[%clk 00:02:22]} {[%emt 00:00:03]} Qxb4+ {[%clk
00:15:44]} {[%emt 00:00:32]} 31. Qc3 {[%clk 00:02:36]} {[%emt 00:00:17]} Qa4
{[%clk 00:13:34]} {[%emt 00:02:39]} 32. a3 {[%clk 00:02:22]} {[%emt 00:00:45]}
c5 {[%clk 00:11:33]} {[%emt 00:02:30]} 33. Re4 {[%clk 00:01:54]} {[%emt
00:00:58]} Qd7+ {[%clk 00:10:15]} {[%emt 00:01:46]} 34. Kc1 {[%clk 00:01:12]}
{[%emt 00:01:13]} Rb8 {[%clk 00:08:45]} {[%emt 00:02:00]} 35. Bh6 {[%clk
00:01:18]} {[%emt 00:00:25]} f6 {[%clk 00:06:15]} {[%emt 00:03:00]} 36. Bxf8
{[%clk 00:01:36]} {[%emt 00:00:12]} Bf5 {[%clk 00:05:12]} {[%emt 00:01:33]} 37.
Qc4+ {[%clk 00:01:07]} {[%emt 00:00:59]} Kxf8 {[%clk 00:04:42]} {[%emt
00:01:00]} 38. Qxc5+ {[%clk 00:01:05]} {[%emt 00:00:32]} Kg8 {[%clk 00:05:08]}
{[%emt 00:00:04]} 39. Rd4 {[%clk 00:00:43]} {[%emt 00:00:52]} Rb1+ {[%clk
00:04:40]} {[%emt 00:00:57]} 40. Kd2 {[%clk 00:01:13]} Rb2+ {[%clk 00:05:05]}
{[%emt 00:00:06]} 41. Kd1 {[%emt 00:01:08]} Rb1+ {[%clk 00:01:51]} {[%emt
00:03:42]} 42. Kd2 {[%clk 00:08:44]} {[%emt 00:22:23]} Rb2+ {[%clk 00:29:53]}
{[%emt 00:01:07]} 1/2-1/2

[Event "DVM U16 2023"]
[Site "Magdeburg GER"]
[Date "2023.12.28"]
[Round "4"]
[White "Slutski, Daniel"]
[Black "Laub, David JohannHeinrich"]
[Result "0-1"]
[Termination "normal"]
[Board "10.4"]
[WhiteElo "1324"]
[BlackElo "1402"]
[WhiteClock "00:36:37"]
[BlackClock "00:37:36"]
[WhiteTeam "SC Bavaria Regensburg 1881"]
[BlackTeam "SK Bebenhausen 1992"]
[PlyCount "36"]
[WhiteFideId "16292154"]
[BlackFideId "34647767"]
[EventCountry "GER"]
[EventRounds "7"]
[EventType "team-swiss"]
[EventDate "2023.12.26"]

1. e4 {[%clk 01:30:38]} {[%emt 00:00:21]} e5 {[%clk 01:30:53]} {[%emt
00:00:07]} 2. d4 {[%clk 01:30:28]} {[%emt 00:00:40]} exd4 {[%clk 01:30:25]}
{[%emt 00:00:59]} 3. Qxd4 {[%clk 01:30:47]} {[%emt 00:00:11]} Nc6 {[%clk
01:29:55]} {[%emt 00:00:59]} 4. Qe3 {[%clk 01:31:04]} {[%emt 00:00:13]} d6
{[%clk 01:27:59]} {[%emt 00:02:26]} 5. Bd2 {[%clk 01:30:52]} {[%emt 00:00:42]}
Be6 {[%clk 01:26:57]} {[%emt 00:01:33]} 6. Nc3 {[%clk 01:30:18]} {[%emt
00:01:04]} Nf6 {[%clk 01:25:40]} {[%emt 00:01:47]} 7. f4 {[%clk 01:27:09]}
{[%emt 00:03:41]} d5 {[%clk 01:21:52]} {[%emt 00:04:16]} 8. exd5 {[%clk
01:22:06]} {[%emt 00:05:33]} Nxd5 {[%clk 01:20:39]} {[%emt 00:01:43]} 9. Nxd5
{[%clk 01:18:53]} {[%emt 00:03:42]} Qxd5 {[%clk 01:20:43]} {[%emt 00:00:26]}
10. Nf3 {[%clk 01:12:37]} {[%emt 00:06:45]} Bc5 {[%clk 01:17:44]} {[%emt
00:03:30]} 11. Qd3 {[%clk 01:07:39]} {[%emt 00:05:28]} O-O {[%clk 01:14:01]}
{[%emt 00:04:13]} 12. Ng5 {[%clk 01:03:00]} {[%emt 00:05:09]} g6 {[%clk
01:09:04]} {[%emt 00:05:27]} 13. Ne4 {[%clk 00:57:37]} {[%emt 00:05:52]} Bd4
{[%clk 00:59:52]} {[%emt 00:09:44]} 14. Nc3 {[%clk 00:47:47]} {[%emt 00:10:20]}
Bxc3 {[%clk 00:55:41]} {[%emt 00:04:41]} 15. Bxc3 {[%clk 00:46:07]} {[%emt
00:02:09]} Rfe8 {[%clk 00:52:33]} {[%emt 00:03:37]} 16. Kd2 {[%emt 00:14:42]}
Rad8 {[%clk 00:46:19]} 17. Kc1 {[%clk 00:36:37]} {[%emt 00:02:33]} Qh5 {[%clk
00:40:25]} {[%emt 00:06:24]} 18. Qf3 {[%emt 00:08:14]} Bg4 {[%clk 00:37:36]}
0-1